[Event "Montpellier op-B"]
[Site "Montpellier"]
[Date "2001.??.??"]
[Round "5.9"]
[White "De la Torre, Igor"]
[Black "Le Garff, Yannick"]
[Result "0-1"]
[WhiteElo "2190"]
[BlackElo "1980"]
[PlyCount "77"]
[EventDate "2001.??.??"]
[EventType "swiss"]
[EventRounds "7"]
[EventCountry "FRA"]
[SourceTitle "EXT 2003"]
[Source "ChessBase"]
[SourceDate "2002.11.25"]
[SourceVersion "1"]
[SourceVersionDate "2002.11.25"]
[SourceQuality "1"]

1. e4 c5 2. Nf3 Nc6 3. d4 cxd4 4. Nxd4 Nf6 5. Nc3 e5 6. Ndb5 d6 7. Bg5 a6 8. Na3 b5 9. Bxf6 gxf6 10. Nd5 Bg7 11. c3 f5 12. exf5 Bxf5 13. Nc2 Be6 14. Nce3 0-0 15. Bd3 f5 16. Bc2 e4 17. Nf4 Bf7 18. Ned5 Qg5 19. h4 Qh6 20. Qd2 b4 21. 0-0-0 bxc3 22. bxc3 Kh8 23. h5 Ne5 24. Bb3 a5 25. a4 Rab8 26. Ba2 Rb7 27. Kc2 Rfb8 28. Rb1 Rxb1 29. Rxb1 Rxb1 30. Bxb1 Nd3 31. f3 Bxh5 32. Nxh5 Qxh5 33. fxe4 fxe4 34. Nf4 Nxf4 35. Qxf4 Qe2+ 36. Kb3 Qe1 37. Kc4 Qxc3+ 38. Kd5 Qb3+ 39. Kxd6 0-1